Statystyki dla rzeczy/zwroty/miejscówki w Among Us

Kliknij tutaj aby rozwiązać quiz!

Ogólne statystyki

  • Ten quiz został rozwiązany 34 razy
  • Średni wynik to 6 z 34

Statystyki odpowiedzi

HintOdpowiedź% Poprawnych
3 mapyelectric
50%
3 mapysecurity
43%
3 mapyadmin
36%
2 mapycafeteria
36%
skeldengine
32%
sus
32%
2 mapymed bay
29%
skeldnavigation
21%
2 mapyreactor
21%
skeldshield
21%
3 mapystorage
21%
2 mapyweapons
21%
impostor
18%
2 mapyo2
18%
vent
18%
4 mapycommunication
14%
crewmate
14%
taskkabelki
14%
kill
14%
task
14%
2 mapylaboratory
11%
meeting
11%
2 mapyoffice
11%
airshiparmory
7%
miradecontamination
7%
polusdropship
7%
airshipkitchen
7%
airshipvault
7%
miragreenhouse
4%
tasksimon
4%
polusspeciment
4%
airshipcockpit
0%
miralaunchpad
0%
airshiprecords
0%

Rozkład punktacji

Percentyl według liczby udzielonych odpowiedzi

Procent ludzi z każdym wynikiem

Twoja historia wyników

Nie rozwiązałeś tego quizu